00434nam a2200157Ia 4500100002900000490000600029942000700035654001300042245003600055260003200091082000800123300000800131546001200139999001700151952010800168 aChoudhury/ Bhattacharya  vI cBK aWorkshop aElements of Workshop Technology bAsia publishing housec2001 a671 a457 aENGLISH c21878d21878 001040708AFTaCRCEbCRCEd2023-03-17g12.50i776l0o671 pAFT620r2023-03-17v12.50w2023-03-17yBK